000 00562nam a2200217Ia 4500
003 OSt
005 20220926043632.0
006 a|||||r|||| 00| 0
007 ta
008 220923b |||||||| |||| 00| 0 eng d
037 _cGeneral Book
040 _aRTL
_cRTL
_beng
041 _2eng
_aeng
082 _aW691, J61-;1
100 _aPlamenatz John
_977502
245 0 _aGerman marxism and Russian communism
260 _c1956
650 _aCommunism
_929280
942 _hW691, J61-;1
_cGB
_2CC
999 _c672818
_d672818